=LDR 00000nam 2200000 4500 =001 INLIS000000000039853 =005 20130612145445 =008 ***********************************ind** =035 ##$$0010-061300000039853 =041 ##$$a ind =082 ##$$a 813 =090 ##$$a 813, Col t =100 ##$$a Coelho, Paulo =245 ##$$a The Fifth Mountain, Gunung Kelima, Paulo Coelho =650 ##$$a fiksi =850 ##$$a NBPNMAT =990 ##$$a 0001/BPAP-NTB/20142014 =990 ##$$a 0001/BPAP-NTB/20142014 =990 ##$$a 0001/BPAP-NTB/2016 =990 ##$$a 0001/BPAP-NTB/2016